| 000 | 00465nam a2200169 a 4500 | ||
|---|---|---|---|
| 001 | 000040204 | ||
| 005 | 20201002034000.0 | ||
| 008 | 130815s1966 ag 000 0 spa d | ||
| 040 |
_aDO-SdBNP _bspa _cBNPHU |
||
| 100 | 1 |
_aGallegos, Romulo _920742 |
|
| 245 | 1 | 0 |
_aCantaclaro / _cRomulo Gallegos. |
| 250 | _a7a ed. | ||
| 260 |
_aBuenos Aires : _bEspasa-Calpe, _c1966. |
||
| 300 |
_a215 p. ; _c19 cm. |
||
| 490 | 1 |
_aAustral _vno. 192 |
|
| 830 | 0 |
_aAustral _nno. 192 _966470 |
|
| 999 |
_c39694 _d39694 |
||